LEADER 00897nam0 2200265 450 001 000026028 005 20090609114420.0 100 $a20090609d1972----km-y0itaa50------ba 101 0 $ager 102 $aDE 200 1 $aDer steppenwolf$fHermann Hesse 210 $aFrankfurt am Main$cSuhrkamp$d1972 215 $a237 p.$d18 cm 225 2 $aBibliothek Suhrkamp$v226 410 0$12001$aBibliothek Suhrkamp$v226 676 $a833.912$v(21. ed.)$9Narrativa tedesca. 1900-1945 700 1$aHesse,$bHermann$0131876 801 0$aIT$bUniversità della Basilicata - B.I.A.$gRICA$2unimarc 912 $a000026028 996 $aDer steppenwolf$989697 997 $aUNIBAS BAS $aLETTERE CAT $aEXT10$b01$c20090609$lBAS01$h1144 FMT Z30 -1$lBAS01$LBAS01$mBOOK$1BASA1$APolo Storico-Umanistico$2FMAS$BFondo Masini$3FMas/817/2782$6817/2782$5B817/2782$820090609$f04$FPrestabile Didattica LEADER 01395oam 2200397 a 450 001 9910697760403321 005 20090406130958.0 035 $a(CKB)5470000002391368 035 $a(OCoLC)268650175 035 $a(EXLCZ)995470000002391368 100 $a20081103d2008 ua 0 101 0 $aeng 135 $aurbn||||||||| 181 $ctxt$2rdacontent 182 $cc$2rdamedia 183 $acr$2rdacarrier 200 10$aFederal Bureau of Investigation$hPart II$b[electronic resource] $ehearing before the Committee on the Judiciary, House of Representatives, One Hundred Tenth Congress, second session, April 23, 2008 210 1$aWashington :$cU.S. G.P.O.,$d2008. 215 $aiii, 99 pages $cdigital, PDF file 300 $aTitle from title screen (viewed on Nov. 3, 2008). 300 $a"Serial no. 110-99." 320 $aIncludes bibliographical references. 517 $aFederal Bureau of Investigation 606 $aPrivacy, Right of$zUnited States 606 $aCriminal investigation$zUnited States$xEvaluation 606 $aTerrorism$zUnited States$xPrevention 615 0$aPrivacy, Right of 615 0$aCriminal investigation$xEvaluation. 615 0$aTerrorism$xPrevention. 801 0$bGPO 801 1$bGPO 801 2$bGPO 906 $aBOOK 912 $a9910697760403321 996 $aFederal Bureau of Investigation$93092205 997 $aUNINA